| 000 | 01628nam a2200349 a 4500 | ||
|---|---|---|---|
| 999 |
_c154195 _d154195 |
||
| 003 | BLK | ||
| 005 | 20250602153142.0 | ||
| 008 | 180410b bul|||||r ||||||| ||bul|| | ||
| 010 | _aKNG00160764000 | ||
| 040 | _aBLK | ||
| 041 |
_aBUL _cBUL |
||
| 080 |
_aАмериканска литература (на САЩ) _b821.111(73) _x-31 _z821.111(73)-31 |
||
| 100 | 1 |
_aМелвил, Херман _eпърви автор _9372414 |
|
| 139 |
_aМелвил, Херман _bМ 46 |
||
| 245 | 1 | 0 |
_aМоби Дик или Белия кит _bРоман _cХерман Мелвил; прев. от англ. Невяна Любенова Розева; послесл. от Светозар Златаров; ил. Рокуел Кент. |
| 257 | _aUSA | ||
| 260 |
_aСофия _bНар. младеж _c1962 _fСофия : Д. Благоев |
||
| 300 |
_a764 с. _bс ил. _c21 см |
||
| 380 | _aX | ||
| 490 |
_aБиблиотека Приключения и научна фантастика _9204436 |
||
| 500 | _a15 100 тир. | ||
| 700 |
_aРозева, Невяна Любенова _d1900 - 1970 _gПреводач от английски, италиански, немски, полски, руски и френски езици. _9367712 |
||
| 700 | 1 |
_aЗлатаров, Светозар _eпослесл. от _9364389 |
|
| 700 | 1 |
_aКент, Рокуел _eил. _9380976 |
|
| 852 | _aЦб 23994 | ||
| 856 | 4 | _qpdf | |
| 856 | 4 | _qpdf | |
| 942 |
_cKNG _n0 _s1 |
||
| 944 |
_aCR _c16.05.2014 _lГеновева Генчева _k30560 |
||
| 944 |
_aED _c16.05.2014 _l16.05.2014 - от С1,Р / 16.05.2014 |
||
| 999 | _d154195 | ||